Two-generator discrete subgroups of PSL(2,R)

Αποθηκεύτηκε σε:
Λεπτομέρειες βιβλιογραφικής εγγραφής
Κύριος συγγραφέας: Gilman, Jane 1945-
Μορφή: Βιβλίο
Γλώσσα:English
Δημοσίευση: Providence, Rhode island : American Mathematical Society, c1995
Σειρά:Memoirs of the American Mathematical Society ; ; 561
Θέματα:
Ετικέτες: Προσθήκη ετικέτας
Δεν υπάρχουν, Καταχωρήστε ετικέτα πρώτοι!

MARC

LEADER 00000nam a2200000 i 4500
001 1/91494
008 991020s1995 eng d
020 |a 0821803611 
035 |l 10053619 
040 |a GR-MY-UA  |b gre  |e aacr 
041 0 |a eng 
082 0 |a 515.223 
100 1 |a Gilman, Jane  |d 1945- 
245 1 0 |a Two-generator discrete subgroups of PSL(2,R) /  |c Jane Gilman 
260 |a Providence, Rhode island :   |b American Mathematical Society,   |c c1995 
300 |a x, 204 p.;  |b ill.;  |c 25 cm. 
490 1 |a Memoirs of the American Mathematical Society  |v ; 561 
500 |a Volume 117, number 561 (fourth of 5 numbers) 
504 |a Includes bibliographical references 
650 0 0 |a Fuchsian groups. 
650 0 0 |a Kleinian groups. 
650 0 0 |a Teichmuller spaces. 
830 0 |a Memoirs of the American Mathematical Society ;  |v ; 561 
852 |a INST  |b SAMOS  |e 19991020  |h 515.223 GIL  |p 005300012519  |q 005300012519  |t BK  |y 0 
901 |a BIBL3-1999-3 
909 |a Σ  |b 063264 
922 |a 3ΕΛΗ  |b 199907  |c ΕΠΕΑΕΚ/ΜΑΘ  |d ΠΑΠΑΣΩΤΗΡΙΟΥ 
970 |a ΓΕΝΟΥΖΟΥ  |b ΧΡΥΣΑΝΘΗ  |z 1999/10/20